000 00314nam a2200121Ia 4500
008 240731s9999 xx 000 0 und d
022 _a1552-8049
245 0 _aJournal of Religion, Spirituality & Aging
260 _bRoutledge
856 _uhttps://www.tandfonline.com/loi/wrsa20
942 _2ddc
942 _cTFEJ
999 _c78128
_d78128
945 _a1
_bMadushi Gamage
_c1
_dMadushi Gamage